|
|
|
|
| LEADER |
00000cam a2200000 a 4500 |
| 001 |
vtls011605755 |
| 003 |
SK-MaSNL |
| 005 |
20260301093342.0 |
| 008 |
180122s2016 xo a a 000 0 slo |
| 015 |
|
|
|a SNBA2017/05
|
| 020 |
|
|
|a 9788080884574
|q (viaz.)
|
| 040 |
|
|
|a SNK
|b slo
|c SNK
|e AACR2
|
| 041 |
1 |
|
|a slo
|h spa
|
| 044 |
|
|
|a xo
|c SK
|
| 072 |
|
7 |
|a 0/9-053.2
|x Literatúra pre deti a mládež (náučná)
|2 konspekt
|
| 080 |
|
|
|a 59
|2 2011
|
| 080 |
|
|
|a (0.025.2)
|2 2011
|
| 080 |
|
|
|a (0.05)
|2 2011
|
| 100 |
1 |
|
|a Arredondo, Francisco
|4 aut
|4 ill
|9 317399
|
| 245 |
1 |
0 |
|a Divé zvieratá
|c [ilustrácie Francisco Arredondo ; preklad Monika Urbanová]
|
| 250 |
|
|
|a 1. vyd.
|
| 260 |
|
|
|a Bratislava
|b Matys
|c 2016
|
| 300 |
|
|
|a [8] s.
|b fareb. ilustr.
|c 17 x 17 cm
|
| 490 |
1 |
|
|a Skryté zvieratká
|
| 500 |
|
|
|a Kartónové listy s kolieskom
|
| 500 |
|
|
|a Názov z obalu
|
| 500 |
|
|
|a Pravdepodobne preložené zo španielčiny
|
| 650 |
0 |
7 |
|a zvieratá
|2 SNKPH
|9 1091
|
| 650 |
0 |
7 |
|a Animals
|2 SNKPHeng
|9 267568
|
| 655 |
|
7 |
|a leporelá
|2 SNKPH
|9 60414
|
| 655 |
|
7 |
|a publikácie pre deti
|2 SNKPH
|9 70148
|
| 655 |
|
7 |
|a Picture books for children
|2 SNKPHeng
|9 277438
|
| 655 |
|
7 |
|a Children's literature
|2 SNKPHeng
|9 276039
|
| 700 |
1 |
|
|a Urbanová, Monika
|c (prekladateľka)
|4 trl
|9 26108
|
| 830 |
|
0 |
|a Skryté zvieratká
|9 345432
|
| 919 |
|
|
|a 978-80-8088-457-4
|
| 958 |
|
|
|a DB
|
| 958 |
|
|
|a OP
|
| 968 |
|
|
|b ESP
|
| 999 |
|
|
|c 676739
|d 678669
|
| 952 |
|
|
|a SNK
|b SNK
|y PREZ
|7 0
|p 17A1255641
|o snkOSD 9949
|i snk2017/8996
|8 0
|0 0
|1 0
|4 0
|d 2017-04-18
|l 0
|r 2026-02-23 19:44:46
|w 2026-02-23
|
| 952 |
|
|
|a SNK
|b SNK
|y PREZ
|7 0
|p 17A1255642
|o snkOSD 9949 D1
|i snk2017/8998
|8 0
|0 0
|1 0
|4 0
|d 2017-04-18
|l 0
|r 2026-02-23 19:44:46
|w 2026-02-23
|